Регионална библиотека "Любен Каравелов" - Русе

История на Древния Рим (Запис номер 77198)

MARC детайли
000 -Лидер
Контролно поле с фиксирана дължина 01351nam a2200373 c 4500
003 - Код на организацията, давaща контролен номер
Контролно поле BLK
005 - Дата и час на последна редакция
Контролно поле 20250203162513.0
008 - Елементи от данни с фиксирана дължина
fixed length control field 180408b bul|||||r ||||||| ||bul||
010 ## - Наследен системен номер
LC control number KNG00081650000
020 ## - Международен стандартен номер на книга ISBN
Международен стандартен номер на книга ISBN 978-954-9890-91-4
-- издат.: КАМА
040 ## - Източник на каталожния запис
Идентификатор на билиотеката - собственик на записа BLK
041 ## - Код за език
Код за езика на текст/звукозапис или на отделно заглавие Български
Код за езика КДБФ Български
080 ## - УДК
Текстов определител УДК История на Рим (до 476 г. н. е.). Древен Рим
УДК код - определител по УДК 94(37)
УДК определител
УДК - код + определител 94(37)
100 1# - Редна дума - Автор
Автор Монтанели, Индро
Авторска отговорност първи автор
R(LIN) 98972
139 ## - Редно поле
Редна дума Монтанели, Индро
Авторски знак Мони - М 87
245 10 - Сведения за заглавието
Заглавие История на Древния Рим
Редно поле (дума) Индро Монтанели; прев. от итал. Иван Попов.
257 ## - Страна на издаване
Страна на създаване/издаване Италия
260 ## - Област на издателските данни
-- София
Име на издателя, разпространителя и проч. КАМА
Година на издаване 2007
300 ## - Физическа характеристика
Страници 412 с.
Размери/Мащаб 22 см
380 ## - Жанр
Жанр История
490 1# - СЕРИИ (Колекции)
Име на серия Поредица Исторически етюди
№: серия 10
500 ## - Общи забележки
Забележка Ориг. загл. Storia di Roma / Indro Montanelli
650 #4 - Допълнително описание по предмет – тема
Основно описание – тема или топоним Рим [държ.]
9 (RLIN) 269409
650 #4 - Допълнително описание по предмет – тема
Основно описание – тема или топоним История - Рим
9 (RLIN) 274532
653 ## - Ключова дума – ненормативна
Ключова дума история
653 ## - Ключова дума – ненормативна
Ключова дума Римска империя
700 1# - Други автори (авторска отговорност)
Лично име Попов, Иван
Автороска отговорност (Описва отношението между автора и произведението) прев. от итал.
9 (RLIN) 364578
852 ## - Местоположение
Форматна сигнатура Цб 238513
856 4# - Електронен адрес и достъп
Електронен формат pdf - файл
Път до файла /url/
856 4# - Електронен адрес и достъп
Електронен формат pdf - файл
Път до файла /url/
942 ## - АРТИКУЛИ
Вид на библиотечния материал Книги
Скрит в OPAC Не
Koha issues (borrowed), all copies 11
944 ## - СЪЗДАВАНЕ И РЕДАКЦИЯ на ЗАПИСА
Създаване/Редакция Създаване
Дата на регистрацията/редакция 21.02.2008
Служител, извършил регистрацията/редакцията 30576
Статус, дата на статуса Цветомила Тодорова
944 ## - СЪЗДАВАНЕ И РЕДАКЦИЯ на ЗАПИСА
Създаване/Редакция Редакция
Дата на регистрацията/редакция 31.03.2008
Служител, извършил регистрацията/редакцията
999 ## - СИСТЕМНИ КОНТРОЛНИ НОМЕРА
Koha biblionumber 77198
Koha biblioitemnumber 77198
Наличности
Код за отписване Код за изгубен артикул Източник на класификационната схема Код за повреда Коз за рестрикции Код за отдаване Артикулен № Име на библиотеката - собственик Име на библиотеката, в която се намира в момента Статус (Текущо местоположение) Дата на вписване в системата Местоположение - отдел Цена в лева Инвентарен номер Систематично азбучна сигнатура Баркод Номер на екземпляра Цена в евро Служебна бележка Служебен тип на артикула
Изтеглен Не е изгубен Universal Decimal Classification Не е повреден без рестрикции заемане за дома 125122 Регионална библиотека "Любен Каравелов" Русе Регионална библиотека "Любен Каравелов" Русе Заемна - подръчен фонд 2008-02-20 Заемна - подръчен фонд 23.00 120000723677 П 931/939/М 87 120000723677 1 11.76 Дост: Pk Вид: Ф N: 15502 Дата: 06.02.2008 Книги
  Не е изгубен Universal Decimal Classification Не е повреден без рестрикции заемане за дома 125123 Регионална библиотека "Любен Каравелов" Русе Регионална библиотека "Любен Каравелов" Русе Заемна - подръчен фонд 2008-02-20 Заемна - подръчен фонд 23.00 120000723678 П 94(3)/М 87 120000723678 2 11.76 Дост: Pk Вид: Ф N: 15502 Дата: 06.02.2008 Дата инв: 06.02.2018 Бележки инв: П2018 Книги
  Не е изгубен Universal Decimal Classification Не е повреден без рестрикции заемане за дома 125124 Регионална библиотека "Любен Каравелов" Русе Регионална библиотека "Любен Каравелов" Русе Заемна - подръчен фонд 2008-03-25 Заемна - подръчен фонд 23.00 120000724803 П 94(3)/М 87 120000724803 3 11.76 Дост: Pk Вид: Ф N: 1730 Дата: 22.03.2008 Дата инв: 06.02.2018 Бележки инв: П2018 Книги
Vip Innovations Ltd, Rousse, Bulgaria 2025